000 00778nam a2200217 a 4500
001 000002444
005 20200929150209.0
008 090702s2003 sp ad 000 0 spa d
020 _a8489384401
040 _aDO-SdBNP
_bspa
_cBNPHU
082 _axxxx
_bH673e
245 0 0 _aHistoria de la edición y de la lectura en España (1472-1914) /
_cdirección Víctor Infante, Francois López, Jean-Francois Botrel.
260 _aMadrid :
_bFundación Germán Sánchez Ruipérez,
_c2003.
300 _a860 p. :
_bil., diagr. ;
_c26 cm.
490 1 _aBiblioteca del Libro
504 _aBibliografía : p.787
700 1 _aInfante, Víctor,
_edir.
_97728
700 1 _aLópez, Francois,
_edir.
_97729
700 1 _aBotrel, Jean-Francois
_edir.
_97730
830 0 _aBiblioteca del libro
_97397
999 _c2280
_d2280